000 00805nam a2200253 a 4500
001 55676
003 BD-RjUL
005 20211209080311.0
008 161121m19741960enka b 001 0 eng d
035 _a(BD-RjUL)55800
040 _aDLC
_cDLC
_dBD-RjUL
_beng
041 _aeng
082 0 0 _a150.19
_bCHS 1974
_223
100 1 _aChaplin, James Patrick
_d1919-
_998170
245 1 0 _aSystems and theories of psychology /
_c[by] J. P. Chaplin [and] T. S. Krawiec.
250 _a3rd ed.
260 _aNew York :
_bHolt, Rinehart and Winston,
_cc1960-1974
300 _axv,739 p. :
_bill. ;
_c24 cm.
504 _aIncludes bibliographies and index.
650 0 _aPsychology
_xHistory.
_95500
700 1 _aKrawiec, T. S.
_q(Theophile Stanley),
_d1913-
_998171
942 _2ddc
_cBK
999 _c55676
_d55676